Hall of fame lyrics - Statistics

General Stats
  • This quiz has been taken 268 times
  • The average score is 11 of 15
Answer Stats
Hint Answer % Correct
you can be the best
97%
you can be the king kong
96%
banging on your chest
95%
yeah you can be the greatest
93%
you can move a mountain
80%
you can beat the world
80%
you can break rocks
77%
you can beat the war
74%
standing in the hall of fame
73%
dedicate yourself and you can find yourself
68%
dont wait for luck
65%
you can be a master
56%
you could talk to God go banging on his door
55%
you can beat the clock
41%
you can throw your hand up
17%
No matching quizzes found
Score Distribution
Percent of People with Each Score
Percentile by Number Answered
Your Score History
You have not taken this quiz